Der Weg durch den Himmel nach der Kaushitaki-Upanishad

Elmentve itt :
Bibliográfiai részletek
Szerző: Thieme Paul
Dokumentumtípus: Cikk
Megjelent: Martin-Luther-Univ. Halle-Wittenberg Halle-Wittenberg 1952
Sorozat:Wissenschaftliche Zeitschrift der Martin-Luther-Universität Halle-Wittenberg : Gesellschafts- und Sprachwissenschaftliche Reihe
Kulcsszavak:Vallástörténet
Tárgyszavak:
Online Access:http://misc.bibl.u-szeged.hu/65520
LEADER 00931nab a2200241 i 4500
001 misc65520
005 20240916153423.0
008 240219s1952 hu o 000 ger d
040 |a SZTE Miscellanea Repozitórium  |b hun 
041 |a ger 
041 |a san 
100 1 |a Thieme Paul 
245 1 4 |a Der Weg durch den Himmel nach der Kaushitaki-Upanishad  |h [elektronikus dokumentum] /  |c  Thieme Paul 
260 |a Martin-Luther-Univ. Halle-Wittenberg  |b Halle-Wittenberg  |c 1952 
300 |a 19-36  |c 30 cm 
300 |a [18] p.  |c 30 cm 
490 0 |a Wissenschaftliche Zeitschrift der Martin-Luther-Universität Halle-Wittenberg : Gesellschafts- und Sprachwissenschaftliche Reihe 
561 |a Németh Gyula hagyaték 
591 |a NOI 6041 
650 4 |a Bölcsészettudományok 
650 4 |a Filozófia, etika és vallástudományok 
695 |a Vallástörténet 
856 4 0 |u http://misc.bibl.u-szeged.hu/65520/1/6041_noi.pdf  |z Dokumentum-elérés